|
|
|
|
| LEADER |
00000ny a22000003n 4500 |
| 005 |
2011051207227.0 |
| 008 |
071128s us 000 eng d |
| 022 |
0 |
|
|a 0014-9128
|
| 035 |
|
|
|a 4123
|
| 040 |
|
|
|a NSDP
|c NSDP
|d vLex
|
| 090 |
|
|
|c 1820
|d 1820
|
| 245 |
0 |
0 |
|a Federal probation
|h [Recurso electrn̤ico]
|
| 246 |
3 |
|
|a Federal probation newsletter
|
| 256 |
|
|
|a Servicio en ln̕ea
|
| 260 |
|
|
|a Washington, D.C. :
|b Administrative Office of the United States Courts, Federal Corrections and Supervision Division
|
| 310 |
|
|
|a Cuatrimestral
|
| 506 |
1 |
|
|a Contenido solo disponible en los productos indicados
|d vLex Global
|d vLex Global (Academic Edition, excluding Law Schools)
|d vLex Global (U.S. Academic Edition, excluding Law Schools)
|
| 550 |
|
|
|a Vols. for Nov. 1937-Feb. 1940 published by the United States Probation System; Jan./Mar. 1941- by the Administrative Office of the United States Courts (Jan./Mar. 1941-June 1976 in cooperation with the Bureau of Prisons of the U.S. Depart
|
| 580 |
|
|
|a Issues for June 1998-Dec. 2004 also available online; later issues available only online
|
| 650 |
0 |
4 |
|a Derecho penal
|x Publicaciones perid̤icas
|
| 650 |
0 |
4 |
|a Libertad condicional
|z Estados Unidos
|
| 710 |
1 |
|
|a Estados Unidos.
|b Administrative Office of the United States Courts
|
| 710 |
1 |
|
|a United States Probation System
|
| 740 |
|
|
|a vLex Revista (Servicios en ln̕ea)
|
| 843 |
|
|
|a Electrn̤ica. Abierta
|
| 853 |
|
|
|8 1
|i (year)
|j (month)
|k (day)
|
| 856 |
4 |
0 |
|u http://vlex.com/source/4123
|z Acceso restringido
|
| 942 |
|
|
|c REV
|